[Event "SUI-ch 111th"]
[Site "Leukerbad"]
[Date "2011.07.15"]
[Round "9"]
[White "Kosteniuk, Alexandra"]
[Black "Leib, Agripa"]
[Result "1-0"]
[WhiteElo "2497"]
[BlackElo "2223"]
[PlyCount "79"]
[EventDate "2011.07.07"]
[EventType "swiss"]
[EventRounds "9"]
[EventCountry "SUI"]
[SourceTitle "CBM 143 Extra"]
[Source "ChessBase"]
[SourceDate "2011.08.29"]
[SourceVersion "1"]
[SourceVersionDate "2011.08.29"]
[SourceQuality "1"]

1. d4 Nf6 2. c4 e6 3. Nf3 c5 4. d5 exd5 5. cxd5 g6 6. Nc3 Bg7 7. Bf4 0-0 8. Bd6 Re8 9. Bxc5 Ne4 10. Bd4 Nxc3 11. bxc3 d6 12. e3 Bg4 13. Bxg7 Kxg7 14. Bb5 Re4 15. Qd3 Bxf3 16. gxf3 Re7 17. Qd4+ f6 18. h4 Nd7 19. h5 Ne5 20. Be2 Qa5 21. hxg6 hxg6 22. Kf1 Ree8 23. Kg2 Rh8 24. Rab1 b6 25. a4 Rac8 26. f4 Nf7 27. Rxh8 Nxh8 28. Rb3 Nf7 29. Bb5 Rc5 30. e4 Rc8 31. Qd3 Rc7 32. Rb4 Rc5 33. Qg3 Rc7 34. Qe3 Rc8 35. Qh3 Rh8 36. Qe6 Rf8 37. Rc4 a6 38. Be8 b5 39. axb5 axb5 40. Rc6 1-0

[Event "SUI-ch int"]
[Site "Saas Almagell"]
[Date "2005.07.14"]
[Round "8"]
[White "Horvath, Tamas"]
[Black "Leib, Agripa"]
[Result "1-0"]
[WhiteElo "2435"]
[BlackElo "2230"]
[PlyCount "105"]
[EventDate "2005.07.07"]
[EventType "swiss"]
[EventRounds "9"]
[EventCountry "SUI"]
[SourceTitle "CBM 107 Extra"]
[Source "ChessBase"]
[SourceDate "2005.09.01"]
[SourceVersion "1"]
[SourceVersionDate "2005.09.01"]
[SourceQuality "1"]

1. e4 g6 2. d4 d6 3. Nc3 Nf6 4. Bg5 Bg7 5. Qd2 h6 6. Bh4 g5 7. Bg3 Nh5 8. 0-0-0 Nc6 9. Nge2 e6 10. f3 Nxg3 11. hxg3 Bd7 12. f4 Qf6 13. e5 dxe5 14. dxe5 Qe7 15. Ne4 0-0-0 16. N2c3 Kb8 17. a3 Bc8 18. Bd3 a6 19. Ne2 b6 20. Qc3 Bb7 21. Rhe1 Ka7 22. Ng1 Rd5 23. Nf3 Rhd8 24. Qd2 Qf8 25. Qf2 Qe7 26. Nh2 Nd4 27. Ng4 Nb3+ 28. Kb1 Nc5 29. Nxc5 Qxc5 30. Qxc5 Rxc5 31. Ne3 f6 32. b4 Rc3 33. Kb2 Rc6 34. Be4 Rxd1 35. Rxd1 fxe5 36. f5 Rd6 37. Rxd6 cxd6 38. Bxb7 Kxb7 39. fxe6 Kc6 40. Nd5 g4 41. a4 e4+ 42. Kc1 b5 43. axb5+ axb5 44. c4 Bf8 45. e7 Bxe7 46. Nxe7+ Kd7 47. Nd5 Kc6 48. Nc3 bxc4 49. Kd2 d5 50. Ke3 Kd6 51. Kd4 e3 52. Kxe3 Ke5 53. Ne2 1-0

[Event "SUI-chT"]
[Site "Switzerland"]
[Date "2001.09.08"]
[Round "6.1"]
[White "Milov, Vadim"]
[Black "Leib, Agripa"]
[Result "1-0"]
[WhiteElo "2617"]
[BlackElo "2193"]
[PlyCount "85"]
[EventDate "2001.03.04"]
[EventType "team-tourn"]
[EventRounds "9"]
[EventCountry "SUI"]
[SourceTitle "EXT 2002"]
[Source "ChessBase"]
[SourceDate "2001.11.25"]
[SourceVersion "1"]
[SourceVersionDate "2001.11.25"]
[SourceQuality "1"]
[WhiteTeam "Biel"]
[BlackTeam "Geneve"]
[WhiteTeamCountry "SUI"]
[BlackTeamCountry "SUI"]

1. d4 d6 2. Nf3 Nf6 3. c4 g6 4. Nc3 Bg7 5. Bg5 Nbd7 6. e3 0-0 7. Be2 e5 8. Qc2 c6 9. 0-0 Qe7 10. Rad1 Re8 11. b4 Qf8 12. d5 cxd5 13. cxd5 a6 14. Nd2 b5 15. a4 bxa4 16. Nc4 Rb8 17. Qxa4 Nb6 18. Nxb6 Rxb6 19. Qa5 Nd7 20. e4 Bh6 21. Bh4 f5 22. exf5 Qxf5 23. Bg3 Qc2 24. Bg4 Rb7 25. Be6+ Kh8 26. Qa3 Rb8 27. f4 Nb6 28. Rf2 Nc4 29. Qa1 Qb3 30. Rb1 Nb2 31. Qxb2 Qxb2 32. Rfxb2 Bxe6 33. dxe6 exf4 34. Bf2 Rxe6 35. Bd4+ Kg8 36. Ra2 d5 37. Ra5 Bf8 38. b5 axb5 39. Raxb5 Rc8 40. Rxd5 h5 41. Rd7 Rd6 42. Rxd6 Bxd6 43. Rb6 1-0

[Event "SUI-ch"]
[Site "Scuol"]
[Date "2001.07.20"]
[Round "9"]
[White "Leib, Agripa"]
[Black "Csiszar, Csaba"]
[Result "0-1"]
[WhiteElo "2223"]
[BlackElo "2364"]
[PlyCount "61"]
[EventDate "2001.07.12"]
[EventType "swiss"]
[EventRounds "9"]
[EventCountry "SUI"]
[SourceTitle "CBM 083 Extra"]
[Source "ChessBase"]
[SourceDate "2001.09.11"]
[SourceVersion "1"]
[SourceVersionDate "2001.09.11"]
[SourceQuality "1"]

1. e4 c5 2. Nf3 Nc6 3. Bb5 e6 4. Bxc6 bxc6 5. 0-0 Ne7 6. Re1 Ng6 7. b3 Be7 8. Bb2 0-0 9. d4 d5 10. dxc5 Bxc5 11. Nc3 Bb7 12. Qd2 Nh4 13. Qf4 Nxf3+ 14. Qxf3 Qh4 15. Na4 Bb4 16. Re3 Bd6 17. e5 Be7 18. Qd1 c5 19. Rh3 Qg5 20. Rg3 Qf4 21. Rf3 Qg4 22. Qd2 d4 23. Rg3 Qf5 24. Qh6 Qxe5 25. Qd2 Bd6 26. Re1 Qd5 27. Rg5 f5 28. c4 Qc6 29. f4 Rae8 30. Qa5 Bxf4 31. Qxc5 0-1

[Event "SUI-chT"]
[Site "Switzerland"]
[Date "2001.06.17"]
[Round "5.2"]
[White "Leib, Agripa"]
[Black "Moor, Roger"]
[Result "0-1"]
[WhiteElo "2193"]
[BlackElo "2375"]
[PlyCount "82"]
[EventDate "2001.03.04"]
[EventType "team-tourn"]
[EventRounds "9"]
[EventCountry "SUI"]
[SourceTitle "EXT 2002"]
[Source "ChessBase"]
[SourceDate "2001.11.25"]
[SourceVersion "1"]
[SourceVersionDate "2001.11.25"]
[SourceQuality "1"]
[WhiteTeam "Geneve"]
[BlackTeam "Wollishofen"]
[WhiteTeamCountry "SUI"]
[BlackTeamCountry "SUI"]

1. d4 Nf6 2. c4 g6 3. Nc3 d5 4. cxd5 Nxd5 5. Nf3 Bg7 6. e3 0-0 7. Bc4 Nb6 8. Bb3 Nc6 9. 0-0 e5 10. d5 Na5 11. e4 Nxb3 12. Qxb3 Bg4 13. Ne1 c6 14. h3 Bd7 15. a4 cxd5 16. exd5 Qc7 17. Nf3 Rfc8 18. Re1 Nc4 19. Bg5 Qb6 20. Qxb6 axb6 21. Ne4 Bxa4 22. Rxa4 Rxa4 23. b3 f5 24. bxc4 fxe4 25. Rxe4 h6 26. Be7 Rcxc4 27. Re3 e4 28. d6 Ra1+ 29. Kh2 Rd1 30. Nh4 Be5+ 31. g3 Kf7 32. Ng2 Bxd6 33. Bxd6 Rxd6 34. Re2 Rcd4 35. g4 b5 36. Kg3 b4 37. Rb2 b3 38. Ne3 Rb4 39. h4 Kf6 40. Kh3 Ke5 41. Kg3 Rd3 0-1

[Event "SUI-chT"]
[Site "Switzerland"]
[Date "2001.03.25"]
[Round "2.7"]
[White "Leib, Agripa"]
[Black "Goldstern, Filip Daniel"]
[Result "0-1"]
[WhiteElo "2193"]
[BlackElo "2364"]
[PlyCount "132"]
[EventDate "2001.03.04"]
[EventType "team-tourn"]
[EventRounds "9"]
[EventCountry "SUI"]
[SourceTitle "EXT 2002"]
[Source "ChessBase"]
[SourceDate "2001.11.25"]
[SourceVersion "1"]
[SourceVersionDate "2001.11.25"]
[SourceQuality "1"]
[WhiteTeam "Geneve"]
[BlackTeam "Zuerich"]
[WhiteTeamCountry "SUI"]
[BlackTeamCountry "SUI"]

1. e4 d5 2. exd5 Qxd5 3. d4 Nc6 4. Nf3 Bg4 5. Be2 0-0-0 6. c4 Qd7 7. d5 Bxf3 8. Bxf3 Ne5 9. Be2 e6 10. Nc3 Nf6 11. Bf4 Ng6 12. Bg5 Bb4 13. Bxf6 gxf6 14. 0-0 Bxc3 15. bxc3 exd5 16. Qd4 Kb8 17. cxd5 Qxd5 18. Qxf6 Rd6 19. Qg7 Qe6 20. Rfe1 Rhd8 21. Bf3 Qf6 22. Qxf6 Rxf6 23. Rad1 Rxd1 24. Rxd1 c6 25. Be4 Kc7 26. g3 h6 27. Rd4 Ne5 28. Kg2 b5 29. f4 Nc4 30. Kf3 Ne5+ 31. Kg2 Nc4 32. Kh3 Re6 33. Bf5 Re7 34. Re4 Rxe4 35. Bxe4 Nd6 36. Bh7 Ne8 37. Bg8 f6 38. Kh4 Ng7 39. g4 Kd6 40. g5 hxg5+ 41. fxg5 Ke5 42. Kg4 fxg5 43. Kxg5 Ne8 44. h4 Nf6 45. Bb3 Ne4+ 46. Kg6 Nxc3 47. h5 Ne4 48. h6 Nf6 49. Kf7 c5 50. Bd1 c4 51. Bc2 a5 52. Bb1 a4 53. a3 b4 54. axb4 a3 55. b5 c3 56. b6 Kd6 57. b7 Kc7 58. b8Q+ Kxb8 59. Kxf6 c2 60. h7 cxb1Q 61. h8Q+ Ka7 62. Qg7+ Qb7 63. Qg3 a2 64. Qc3 Qa6+ 65. Kf5 a1Q 66. Qc7+ Qb7 0-1

[Event "Geneve op 17th"]
[Site "Geneve"]
[Date "2001.01.25"]
[Round "6"]
[White "Leib, Agripa"]
[Black "Bieri, Christian"]
[Result "0-1"]
[WhiteElo "2239"]
[BlackElo "2127"]
[PlyCount "78"]
[EventDate "2001.01.20"]
[EventType "swiss"]
[EventRounds "9"]
[EventCountry "SUI"]
[SourceTitle "EXT 2002"]
[Source "ChessBase"]
[SourceDate "2001.11.25"]
[SourceVersion "1"]
[SourceVersionDate "2001.11.25"]
[SourceQuality "1"]

1. e4 Nf6 2. e5 Nd5 3. d4 d6 4. Nf3 Bg4 5. Be2 Nc6 6. c4 Nb6 7. exd6 cxd6 8. Be3 Bxf3 9. gxf3 d5 10. c5 Nc8 11. Nc3 e6 12. b4 a6 13. b5 axb5 14. Nxb5 N8a7 15. a4 Be7 16. Rg1 0-0 17. Nxa7 Rxa7 18. Bb5 Qc7 19. f4 Bf6 20. Qd2 Ne7 21. Ke2 Nf5 22. Rgc1 g6 23. Rc2 Bg7 24. a5 g5 25. fxg5 Qxh2 26. a6 e5 27. Qd3 exd4 28. Qxf5 dxe3 29. Ra3 bxa6 30. Bd7 Rxd7 31. Qxd7 Qxf2+ 32. Kd3 Qf3 33. c6 e2+ 34. Kd2 Qf2 35. Kd3 e1Q 36. Rxf2 Qxf2 37. c7 Qd4+ 38. Ke2 Qc4+ 39. Kd1 Be5 0-1

[Event "Geneve op 17th"]
[Site "Geneve"]
[Date "2001.01.24"]
[Round "5"]
[White "Leib, Agripa"]
[Black "Masserey, Yvan"]
[Result "1/2-1/2"]
[WhiteElo "2239"]
[BlackElo "2349"]
[PlyCount "127"]
[EventDate "2001.01.20"]
[EventType "swiss"]
[EventRounds "9"]
[EventCountry "SUI"]
[SourceTitle "EXT 2002"]
[Source "ChessBase"]
[SourceDate "2001.11.25"]
[SourceVersion "1"]
[SourceVersionDate "2001.11.25"]
[SourceQuality "1"]

1. e4 e6 2. d4 d5 3. Nd2 c5 4. Ngf3 cxd4 5. Nxd4 Nc6 6. Nxc6 bxc6 7. exd5 cxd5 8. Be2 Nf6 9. c4 Be7 10. cxd5 Nxd5 11. 0-0 0-0 12. Nc4 Bf6 13. Bf3 Rb8 14. Ne3 Bxb2 15. Rb1 Nxe3 16. Qxd8 Rxd8 17. Bxe3 a5 18. Ba7 Rb4 19. Bc5 Rb5 20. Be7 Rd2 21. a4 Rb8 22. Rfd1 Rxd1+ 23. Rxd1 Ba6 24. Bc6 f6 25. Rd8+ Rxd8 26. Bxd8 Bc3 27. f3 Kf7 28. Kf2 e5 29. Bd7 Bc4 30. g4 Bd2 31. h4 g6 32. Kg3 Be1+ 33. Kg2 Bd3 34. Kh3 f5 35. h5 e4 36. hxg6+ hxg6 37. gxf5 exf3 38. fxg6+ Kxg6 39. Bc7 Kg5 40. Be8 Bb4 41. Bb5 Bf5+ 42. Kg3 Be4 43. Bb6 Be1+ 44. Bf2 Bxf2+ 45. Kxf2 Kf4 46. Be8 Bd5 47. Bg6 Bc6 48. Bh5 Be4 49. Be8 Bb7 50. Bg6 Bd5 51. Bc2 Bc6 52. Bd1 Be4 53. Bb3 Bd3 54. Bd1 Be4 55. Bb3 Bc6 56. Bd1 Bd5 57. Bc2 Ke5 58. Bd1 Kd4 59. Bxf3 Bb3 60. Bc6 Kc5 61. Be8 Kb4 62. Ke3 Bxa4 63. Bxa4 Kxa4 64. Kd2 1/2-1/2

[Event "Crans Montana op"]
[Site "Crans Montana"]
[Date "2000.04.30"]
[Round "5"]
[White "Giessmann, Andreas"]
[Black "Leib, Agripa"]
[Result "0-1"]
[WhiteElo "2165"]
[BlackElo "2206"]
[PlyCount "119"]
[EventDate "2000.04.28"]
[EventType "swiss"]
[EventRounds "7"]
[EventCountry "SUI"]
[SourceTitle "EXT 2001"]
[Source "ChessBase"]
[SourceDate "2000.11.22"]
[SourceVersion "1"]
[SourceVersionDate "2000.11.22"]
[SourceQuality "1"]

1. Nf3 Nf6 2. b3 d5 3. Bb2 c6 4. e3 a5 5. c4 Bg4 6. Be2 e6 7. 0-0 Be7 8. d4 0-0 9. Nc3 Nbd7 10. Rc1 Nb6 11. Ne5 Bxe2 12. Qxe2 Nfd7 13. Nxd7 Nxd7 14. e4 dxe4 15. Nxe4 Nf6 16. Ng5 a4 17. Qc2 axb3 18. axb3 h6 19. Nf3 Qb6 20. Ra1 Rfd8 21. h3 Nd7 22. Rxa8 Rxa8 23. Ra1 Rxa1+ 24. Bxa1 Bf6 25. Bc3 Qc7 26. g3 b5 27. Nd2 Be7 28. Bb2 Qb7 29. Ne4 Qa6 30. Nd2 Nb6 31. cxb5 Qxb5 32. Nc4 Nd7 33. Ne3 Nf6 34. Nc4 Nd7 35. Ne3 Bf6 36. Ng4 Be7 37. Ne3 Qb7 38. Nc4 Qc7 39. Ne3 Qd6 40. Nc4 Qd5 41. Ne3 Qf3 42. d5 cxd5 43. Qc7 Bc5 44. Bc1 Bxe3 45. Bxe3 Nf6 46. b4 Qd1+ 47. Kg2 Qb1 48. Qb8+ Kh7 49. b5 d4 50. Bf4 Qe4+ 51. Kg1 Qb1+ 52. Kg2 Nd5 53. Bd2 Qe4+ 54. Kg1 Qe2 55. Ba5 Qa2 56. Qa7 Qb1+ 57. Kg2 Qxb5 58. Bd2 Qd3 59. Qa5 Qe4+ 60. Kg1 0-1

[Event "Lenk op 12th"]
[Site "Lenk"]
[Date "2000.04.21"]
[Round "3"]
[White "Leib, Agripa"]
[Black "Gheorghiu, Florin"]
[Result "0-1"]
[WhiteElo "2206"]
[BlackElo "2462"]
[PlyCount "46"]
[EventDate "2000.04.20"]
[EventType "swiss"]
[EventRounds "7"]
[EventCountry "SUI"]
[SourceTitle "EXT 2001"]
[Source "ChessBase"]
[SourceDate "2000.11.22"]
[SourceVersion "1"]
[SourceVersionDate "2000.11.22"]
[SourceQuality "1"]

1. e4 c5 2. Nc3 Nc6 3. f4 g6 4. Nf3 Bg7 5. Bc4 e6 6. f5 Nge7 7. fxe6 fxe6 8. d3 d5 9. Bb3 b5 10. a4 b4 11. Ne2 0-0 12. 0-0 Ba6 13. Ng5 Qd7 14. Nf4 Nd4 15. c3 bxc3 16. bxc3 h6 17. Ngxe6 Nxe6 18. exd5 Nxf4 19. d6+ c4 20. dxc4 Ned5 21. Rf3 Nxc3 22. Qf1 Nfe2+ 23. Kh1 Nd4 0-1

[Event "Geneve op"]
[Site "Geneve"]
[Date "1999.01.30"]
[Round "8"]
[White "Leib, Agripa"]
[Black "Huss, Andreas"]
[Result "0-1"]
[WhiteElo "2210"]
[BlackElo "2380"]
[PlyCount "71"]
[EventDate "1999.01.23"]
[EventType "swiss"]
[EventRounds "7"]
[EventCountry "SUI"]
[SourceTitle "CBM 068 Extra"]
[Source "ChessBase"]
[SourceDate "1999.03.01"]
[SourceVersion "1"]
[SourceVersionDate "1999.03.01"]
[SourceQuality "1"]

1. e4 e6 2. d4 d5 3. e5 c5 4. c3 Qb6 5. Nf3 Nc6 6. a3 c4 7. Be2 f6 8. exf6 Nxf6 9. Nbd2 Bd6 10. 0-0 0-0 11. Re1 Bd7 12. b3 cxb3 13. Qxb3 Qc7 14. c4 Ng4 15. g3 Nxf2 16. Kxf2 Nxd4 17. Qd3 e5 18. Kg2 Bf5 19. Qc3 Nc2 20. Ra2 Nxe1+ 21. Nxe1 d4 22. Qb3 e4 23. Nf1 Bc5 24. h3 Qd7 25. g4 Bg6 26. Bd1 Qf7 27. Ng3 d3 28. h4 h6 29. Kh3 Qe7 30. g5 e3 31. Nxd3 Qd7+ 32. Bg4 Qxd3 33. Qxb7 Qxc4 34. gxh6 Bf7 35. Ra1 Rab8 36. Qc7 0-1

[Event "Geneve op"]
[Site "Geneve"]
[Date "1999.01.25"]
[Round "3"]
[White "Landenbergue, Claude"]
[Black "Leib, Agripa"]
[Result "1-0"]
[WhiteElo "2420"]
[BlackElo "2210"]
[PlyCount "69"]
[EventDate "1999.01.23"]
[EventType "swiss"]
[EventRounds "7"]
[EventCountry "SUI"]
[SourceTitle "CBM 068 Extra"]
[Source "ChessBase"]
[SourceDate "1999.03.01"]
[SourceVersion "1"]
[SourceVersionDate "1999.03.01"]
[SourceQuality "1"]

1. d4 Nf6 2. Nf3 e6 3. g3 b6 4. Bg2 Bb7 5. c4 c5 6. 0-0 d6 7. Nc3 Be7 8. d5 e5 9. e4 0-0 10. Ne1 Nfd7 11. Nd3 Na6 12. f4 Nc7 13. Be3 a6 14. a4 Bc8 15. Rb1 Bf6 16. Nf2 g6 17. Ng4 Bg7 18. f5 f6 19. h4 g5 20. hxg5 fxg5 21. Qd2 h6 22. Bf3 Ne8 23. Qh2 Rf7 24. Nxh6+ Bxh6 25. Qxh6 Rg7 26. Kg2 Qf6 27. Rh1 Qxh6 28. Rxh6 Nef6 29. Rbh1 Bb7 30. Bh5 b5 31. Bg6 Kf8 32. Rh8+ Ke7 33. Rxa8 Bxa8 34. Rh8 Bb7 35. Bxg5 1-0

[Event "Geneve op"]
[Site "Geneve"]
[Date "1999.01.24"]
[Round "2"]
[White "Leib, Agripa"]
[Black "Jagstaidt, Patrick"]
[Result "1-0"]
[WhiteElo "2210"]
[BlackElo "2078"]
[PlyCount "85"]
[EventDate "1999.01.23"]
[EventType "swiss"]
[EventRounds "7"]
[EventCountry "SUI"]
[SourceTitle "CBM 068 Extra"]
[Source "ChessBase"]
[SourceDate "1999.03.01"]
[SourceVersion "1"]
[SourceVersionDate "1999.03.01"]
[SourceQuality "1"]

1. e4 e6 2. d4 d5 3. Nc3 Nf6 4. e5 Nfd7 5. f4 b6 6. Nf3 Ba6 7. Bxa6 Nxa6 8. Qe2 Qc8 9. 0-0 Nb4 10. a3 Qa6 11. Qf2 c5 12. Be3 Nc6 13. Ne2 cxd4 14. Nexd4 Rc8 15. c3 g6 16. Rae1 Nc5 17. Qh4 Ne4 18. Rd1 Be7 19. Qh3 Nxd4 20. Nxd4 Bc5 21. Rfe1 Bxd4 22. Bxd4 Qb5 23. Qh6 Qxb2 24. c4 Nc3 25. Bxc3 Qxc3 26. cxd5 exd5 27. Qg7 Rf8 28. Qxh7 Rc6 29. Qh4 d4 30. f5 Qxa3 31. Rxd4 Qe7 32. Qe4 Qc5 33. Red1 gxf5 34. Qxf5 Rg8 35. h4 Rgg6 36. Kh1 Kf8 37. Rd7 Qc4 38. R7d4 Qe2 39. R1d2 Qe1+ 40. Kh2 Qg3+ 41. Kh1 Qe3 42. Rg4 Rxg4 43. Qxg4 1-0

[Event "SUI-chT"]
[Site "Switzerland"]
[Date "1999.??.??"]
[Round "9.2"]
[White "Leib, Agripa"]
[Black "Belotti, Bruno"]
[Result "0-1"]
[WhiteElo "2210"]
[BlackElo "2441"]
[PlyCount "82"]
[EventDate "1999.01.??"]
[EventType "team-tourn"]
[EventRounds "9"]
[EventCountry "SUI"]
[SourceTitle "EXT 2001"]
[Source "ChessBase"]
[SourceDate "2000.11.22"]
[SourceVersion "1"]
[SourceVersionDate "2000.11.22"]
[SourceQuality "1"]

1. e4 c5 2. Nf3 d6 3. d4 cxd4 4. Nxd4 Nf6 5. Nc3 a6 6. Be3 e6 7. a4 b6 8. Be2 Bb7 9. f3 Nbd7 10. 0-0 Be7 11. Bc4 Qc8 12. Ba2 0-0 13. Qe2 Re8 14. Kh1 Qc7 15. Rad1 Rac8 16. Qf2 Bf8 17. Rd2 Ne5 18. Nde2 Nfd7 19. Rfd1 Ba8 20. Bf4 Qb8 21. Nd4 Nc4 22. Bxc4 Rxc4 23. Nb3 Ne5 24. Nc1 Rcc8 25. Bxe5 dxe5 26. Nd3 Rc4 27. Ra1 Rd8 28. Rdd1 Rdc8 29. Rd2 Qc7 30. Qe2 h6 31. h3 Be7 32. Qf2 Bc6 33. h4 Be8 34. Re2 Rd8 35. Rd2 Rdd4 36. a5 bxa5 37. Ne2 Rd8 38. Nec1 a4 39. b3 axb3 40. cxb3 Rc3 41. Rd1 Bb5 0-1

[Event "SUI-chT"]
[Site "Switzerland"]
[Date "1999.??.??"]
[Round "8.2"]
[White "Wirthensohn, Heinz"]
[Black "Leib, Agripa"]
[Result "1-0"]
[WhiteElo "2389"]
[BlackElo "2210"]
[PlyCount "59"]
[EventDate "1999.01.??"]
[EventType "team-tourn"]
[EventRounds "9"]
[EventCountry "SUI"]
[SourceTitle "EXT 2001"]
[Source "ChessBase"]
[SourceDate "2000.11.22"]
[SourceVersion "1"]
[SourceVersionDate "2000.11.22"]
[SourceQuality "1"]

1. d4 Nf6 2. Nf3 e6 3. Bf4 b6 4. e3 Bb7 5. Nbd2 Be7 6. h3 c5 7. Bd3 cxd4 8. exd4 0-0 9. 0-0 d6 10. Re1 Re8 11. c3 Nbd7 12. Bh2 Rc8 13. a4 Nb8 14. a5 bxa5 15. Qa4 Nc6 16. Nc4 Qd7 17. Nxa5 Nxa5 18. Qxd7 Nxd7 19. Rxa5 Bxf3 20. gxf3 Rb8 21. Rxa7 Red8 22. d5 Rxb2 23. dxe6 fxe6 24. Bc4 Bh4 25. Rxe6 d5 26. Bxd5 Nf8 27. Rd6+ Kh8 28. Rxd8 Bxd8 29. Be5 Bf6 30. Rf7 1-0

[Event "SUI-chT"]
[Site "Switzerland"]
[Date "1999.??.??"]
[Round "2.3"]
[White "Zueger, Beat"]
[Black "Leib, Agripa"]
[Result "0-1"]
[WhiteElo "2424"]
[BlackElo "2210"]
[PlyCount "68"]
[EventDate "1999.01.??"]
[EventType "team-tourn"]
[EventRounds "9"]
[EventCountry "SUI"]
[SourceTitle "EXT 2001"]
[Source "ChessBase"]
[SourceDate "2000.11.22"]
[SourceVersion "1"]
[SourceVersionDate "2000.11.22"]
[SourceQuality "1"]

1. c4 c5 2. Nf3 Nc6 3. d4 cxd4 4. Nxd4 Nf6 5. Nc3 g6 6. g3 Bg7 7. Bg2 0-0 8. 0-0 Ng4 9. e3 d6 10. b3 Nxd4 11. exd4 Nh6 12. Bb2 Rb8 13. a4 Bd7 14. Ra2 a6 15. Re1 Re8 16. Ne4 Bf5 17. d5 Bxe4 18. Rxe4 Bxb2 19. Rxb2 b5 20. cxb5 axb5 21. Qd2 Kg7 22. a5 Ng8 23. Ra2 Nf6 24. Re1 Qd7 25. Rc1 Qa7 26. b4 Rbc8 27. Rac2 Rxc2 28. Rxc2 e6 29. dxe6 Rxe6 30. Bh3 Re4 31. Qxd6 Rd4 32. Qb6 Rd1+ 33. Bf1 Qd7 34. Qc6 Qd3 0-1

[Event "Geneve op"]
[Site "Geneve"]
[Date "1997.??.??"]
[Round "2"]
[White "Ekstroem, Roland"]
[Black "Leib, Agripa"]
[Result "0-1"]
[WhiteElo "2465"]
[BlackElo "2180"]
[PlyCount "95"]
[EventDate "1997.01.??"]
[EventType "swiss"]
[EventRounds "9"]
[EventCountry "SUI"]
[SourceTitle "EXT 1998"]
[Source "ChessBase"]
[SourceDate "1997.11.17"]
[SourceVersion "1"]
[SourceVersionDate "1997.11.17"]
[SourceQuality "1"]

1. e4 c5 2. c3 e6 3. d4 cxd4 4. cxd4 d5 5. e5 Bd7 6. Nf3 Qb6 7. Be2 Bb4+ 8. Kf1 Bb5 9. g3 Bxe2+ 10. Qxe2 Nc6 11. Be3 Nh6 12. Kg2 Nf5 13. Nc3 0-0 14. Qd3 f6 15. Nxd5 Nxe3+ 16. Nxe3 fxe5 17. Ng5 g6 18. Nxe6 Nxd4 19. Nxd4 Qxd4 20. Qxd4 exd4 21. Nd5 Bc5 22. Rac1 Bb6 23. Rhd1 Rfd8 24. Nxb6 axb6 25. a3 Rd7 26. Rd3 Re8 27. Rc4 Red8 28. f4 h5 29. Kf3 Kg7 30. Rb4 Rd6 31. Rb5 Rc8 32. Ke4 Rc2 33. Rxd4 Re6+ 34. Re5 Rec6 35. h3 Re2+ 36. Kd5 Rxb2 37. Re7+ Kf6 38. Rxb7 Rc3 39. g4 Rxh3 40. g5+ Kf5 41. Rf7+ Kg4 42. Rf6 Rf3 43. Ke6 h4 44. f5+ Kxg5 45. Rxg6+ Kh5 46. Rdg4 h3 47. R6g5+ Kh6 48. Kf6 0-1

[Event "Geneve op"]
[Site "Geneve"]
[Date "1997.??.??"]
[Round "7"]
[White "Leib, Agripa"]
[Black "Cladouras, Panagiotis"]
[Result "0-1"]
[WhiteElo "2180"]
[BlackElo "2390"]
[PlyCount "66"]
[EventDate "1997.01.??"]
[EventType "swiss"]
[EventRounds "9"]
[EventCountry "SUI"]
[SourceTitle "EXT 1998"]
[Source "ChessBase"]
[SourceDate "1997.11.17"]
[SourceVersion "1"]
[SourceVersionDate "1997.11.17"]
[SourceQuality "1"]

1. e4 e5 2. Nf3 Nc6 3. Bb5 a6 4. Ba4 Nf6 5. 0-0 Be7 6. Re1 b5 7. Bb3 d6 8. c3 0-0 9. h3 Na5 10. Bc2 c5 11. d4 Qc7 12. Nbd2 cxd4 13. cxd4 Bd7 14. Nf1 Rac8 15. Ne3 Nc6 16. d5 Nb4 17. Bb1 a5 18. a3 Na6 19. b4 axb4 20. axb4 Qb7 21. Bd2 Bd8 22. Bd3 Bb6 23. Nc2 Kh8 24. Nh2 Nc7 25. g4 Ng8 26. Qf3 g6 27. Kh1 Ne8 28. Nf1 Ng7 29. Ng3 f5 30. gxf5 gxf5 31. Nxf5 Nxf5 32. exf5 Bxf5 33. Na3 Bg6 0-1